Statistics for UEFA Champions League Quarter Finalists 2000-2016

Click here to take the quiz!

General Stats

  • This quiz has been taken 802 times
    (755 since last reset)
  • The average score is 29 of 38

Answer Stats

Answer% Correct
Real Madrid
98%
Barcelona
97%
Manchester United
97%
Bayern Munich
95%
Chelsea
95%
Manchester CIty
95%
AC Milan
94%
Arsenal
94%
Inter Milan
94%
Juventus
94%
Liverpool
93%
Borussia Dortmund
92%
Paris Saint-Germain
91%
Porto
91%
Atletico Madrid
89%
Valencia
87%
Roma
86%
Benfica
85%
Lyon
84%
Ajax
81%
Tottenham Hotspur
81%
Monaco
79%
Marseille
75%
Bayer Leverkusen
73%
PSV Eindhoven
73%
Schalke
73%
Villarreal
65%
Deportivo La Coruna
59%
Galatasaray
58%
CSKA Moscow
56%
Wolfsburg
53%
Leeds United
50%
Shakhtar Donetsk
48%
Malaga
44%
Fenerbahce
40%
Bordeaux
39%
APOEL
37%
Panathinaikos
30%

Score Distribution

Percentile by Number Answered

Percent of People with Each Score

Your Score History

You have not taken this quiz since the last reset